[Event "Women's Speed Chess Q8"]
[Site "chess.com INT"]
[Date "2021.06.06"]
[Round "9"]
[White "Petrova, Irina"]
[Black "Padmini, Rout"]
[Result "0-1"]
[WhiteTitle "WIM"]
[BlackTitle "IM"]
[WhiteElo "2110"]
[BlackElo "2370"]
[WhiteFideId "14124122"]
[BlackFideId "5029295"]
[EventDate "2021.06.06"]

1. e4 c5 2. Nf3 e6 3. c4 Nc6 4. Nc3 g5 5. h3 Bg7 6. d3 h6 7. g3 Nge7 8. Bg2 Ng6
9. O-O d6 10. Be3 Nd4 11. Rb1 a5 12. a3 Bd7 13. Bxd4 cxd4 14. Ne2 e5 15. b4 axb4
16. axb4 O-O 17. Nd2 h5 18. f4 exf4 19. gxf4 gxf4 20. Nxf4 Nxf4 21. Rxf4 Qg5 22.
Rf1 Ra2 23. Rf2 Be5 24. Nf3 Qe3 25. Qf1 Bg3 0-1

[Event "Women's Speed Chess Q8"]
[Site "chess.com INT"]
[Date "2021.06.06"]
[Round "9"]
[White "Zhuravleva, Olga"]
[Black "Pavlidou, Ekaterini"]
[Result "1-0"]
[WhiteTitle "WIM"]
[BlackTitle "WIM"]
[WhiteElo "2278"]
[BlackElo "2157"]
[WhiteFideId "4145933"]
[BlackFideId "4213262"]
[EventDate "2021.06.06"]

1. e4 c5 2. Nf3 Nc6 3. Nc3 Nf6 4. e5 Ng4 5. Qe2 Qc7 6. d4 cxd4 7. Nb5 Qb8 8. Bf4
e6 9. Nbxd4 Nxd4 10. Nxd4 g5 11. Qxg4 gxf4 12. Qxf4 h5 13. Bd3 d5 14. Bb5+ Bd7
15. Bxd7+ Kxd7 16. Qxf7+ Be7 17. Qxe6+ Ke8 18. O-O Qc8 19. Qxd5 Qg4 20. Ne6 Rc8
21. h3 Qc4 22. Ng7+ Kf8 23. Ne6+ Ke8 24. Qxc4 Rxc4 25. c3 Rg8 26. f4 h4 27. Rad1
Re4 28. Rde1 Ra4 29. a3 Ra6 30. Nc7+ 1-0

[Event "Women's Speed Chess Q8"]
[Site "chess.com INT"]
[Date "2021.06.06"]
[Round "9"]
[White "Nandhidhaa, P V"]
[Black "Dordzhieva, Dinara"]
[Result "0-1"]
[WhiteTitle "WGM"]
[BlackTitle "WGM"]
[WhiteElo "2365"]
[BlackElo "2311"]
[WhiteFideId "5050847"]
[BlackFideId "24157570"]
[EventDate "2021.06.06"]

1. e4 c5 2. Nf3 e6 3. d4 cxd4 4. Nxd4 Nf6 5. Bd3 d6 6. O-O Nc6 7. c3 Be7 8. Be3
O-O 9. Nd2 Qc7 10. f4 a6 11. Kh1 b5 12. Nxc6 Qxc6 13. e5 Nd5 14. Bd4 Bb7 15. Qe2
Rae8 16. Ne4 f5 17. exf6 Bxf6 18. Nxf6+ Nxf6 19. Rae1 e5 20. fxe5 dxe5 21. Bg1
e4 22. Bc2 e3 23. Bb3+ Kh8 24. Qc2 Ng4 25. Rxf8+ Rxf8 26. Re2 Nf2+ 0-1

[Event "Women's Speed Chess Q8"]
[Site "chess.com INT"]
[Date "2021.06.06"]
[Round "9"]
[White "Fominykh, Maria"]
[Black "Nguyen, Hong Ngoc"]
[Result "1-0"]
[WhiteTitle "WGM"]
[BlackTitle "WCM"]
[WhiteElo "2206"]
[BlackElo "1957"]
[WhiteFideId "4142411"]
[BlackFideId "12403083"]
[EventDate "2021.06.06"]

1. Nf3 d5 2. g3 c6 3. Bg2 g6 4. O-O Nf6 5. b3 Bg7 6. Bb2 O-O 7. d3 a6 8. a4 b5
9. axb5 cxb5 10. Nbd2 Bb7 11. Ra2 Nc6 12. Ne5 Qc7 13. Nxc6 Bxc6 14. Nf3 Nd7 15.
Bxg7 Kxg7 16. Qa1+ f6 17. Nd4 Kf7 18. Rxa6 Bb7 19. Rxa8 Rxa8 20. Qb2 b4 21. Rc1
e5 22. Nb5 Qb6 23. c4 bxc3 24. Nxc3 d4 25. Ne4 Bd5 26. Ng5+ fxg5 27. Bxd5+ Kg7
28. Bxa8 1-0

[Event "Women's Speed Chess Q8"]
[Site "chess.com INT"]
[Date "2021.06.06"]
[Round "9"]
[White "Eswaran, Ashritha"]
[Black "Kulkarni, Bhakti"]
[Result "1-0"]
[WhiteTitle "WIM"]
[BlackTitle "IM"]
[WhiteElo "2244"]
[BlackElo "2391"]
[WhiteFideId "2080788"]
[BlackFideId "5019516"]
[EventDate "2021.06.06"]

1. e4 d5 2. exd5 Nf6 3. Bb5+ Bd7 4. Bxd7+ Nbxd7 5. d4 Nxd5 6. Nf3 e6 7. O-O Bd6
8. c4 N5f6 9. Nc3 c6 10. Bg5 O-O 11. Qd2 h6 12. Bxh6 gxh6 13. Qxh6 Re8 14. Ng5
Bf8 15. Qh4 Bg7 16. Rad1 Nf8 17. f4 Ng6 18. Qh3 Qb6 19. f5 Nf8 20. Na4 Qb4 21.
fxe6 fxe6 22. b3 b6 23. Rde1 Qd6 24. Rd1 N6h7 25. Nf7 Bxd4+ 26. Kh1 Qd7 27. Qg4+ 1-0

[Event "Women's Speed Chess Q8"]
[Site "chess.com INT"]
[Date "2021.06.06"]
[Round "9"]
[White "Sliwicka, Alicja"]
[Black "Maltsevskaya, Aleksandra"]
[Result "0-1"]
[WhiteTitle "WIM"]
[BlackTitle "WGM"]
[WhiteElo "2308"]
[BlackElo "2390"]
[WhiteFideId "1150677"]
[BlackFideId "24174041"]
[EventDate "2021.06.06"]

1. e4 c5 2. Nf3 e6 3. d4 cxd4 4. Nxd4 Nc6 5. Nc3 Nf6 6. Nb3 d5 7. exd5 exd5 8.
Bg5 Be7 9. Bd3 h6 10. Bh4 O-O 11. O-O Be6 12. f4 Ng4 13. Bxe7 Nxe7 14. f5 Ne3
15. Qe2 Nxf1 16. fxe6 Qb6+ 17. Kh1 Ne3 18. Na4 Qb4 19. Nac5 Ng4 20. Nd7 fxe6 21.
Nxf8 Rxf8 22. Qxe6+ Kh8 23. a3 Qf4 0-1

[Event "Women's Speed Chess Q8"]
[Site "chess.com INT"]
[Date "2021.06.06"]
[Round "9"]
[White "Babiy, Olga"]
[Black "Papp, Petra"]
[Result "0-1"]
[WhiteTitle "WGM"]
[BlackTitle "WGM"]
[WhiteElo "2280"]
[BlackElo "2336"]
[WhiteFideId "14117258"]
[BlackFideId "739049"]
[EventDate "2021.06.06"]

1. d4 Nf6 2. Nf3 g6 3. Nbd2 d5 4. e3 Bg7 5. b4 O-O 6. c4 c6 7. a4 a5 8. b5 dxc4
9. Bxc4 Nbd7 10. bxc6 bxc6 11. Ba3 Nb6 12. Ba2 Ba6 13. Rc1 Rc8 14. Nc4 Nbd5 15.
O-O Nb4 16. Bxb4 axb4 17. Rb1 Nd5 18. Qd2 c5 19. Rfc1 Nc3 20. Rb2 cxd4 21. Nce5
Ne2+ 22. Kh1 Rxc1+ 23. Ne1 Bxe5 24. e4 d3 25. Rb1 Bc3 26. Qh6 Rxe1+ 27. Rxe1
Bxe1 0-1

[Event "Women's Speed Chess Q8"]
[Site "chess.com INT"]
[Date "2021.06.06"]
[Round "9"]
[White "Agrest, Inna"]
[Black "Belenkaya, Dina"]
[Result "0-1"]
[WhiteTitle "WIM"]
[BlackTitle "WGM"]
[WhiteElo "2285"]
[BlackElo "2341"]
[WhiteFideId "1708830"]
[BlackFideId "24142654"]
[EventDate "2021.06.06"]

1. e4 d5 2. exd5 Qxd5 3. Nc3 Qe5+ 4. Be2 c6 5. Nf3 Qc7 6. O-O Nf6 7. d4 Bf5 8.
Re1 e6 9. Bf1 Bd6 10. Qe2 O-O 11. Bg5 Nbd7 12. h3 h6 13. Bd2 Bxc2 14. Bxh6 Bg6
15. Bg5 Nd5 16. Ne5 Bh7 17. Rac1 a6 18. Bd2 N7f6 19. Qf3 Rad8 20. Bg5 Be7 21.
Bd3 Bxd3 22. Qxd3 Nb4 23. Qe3 Nfd5 24. Qg3 Bxg5 25. Qxg5 f6 26. Qg4 fxe5 27.
Qxe6+ Qf7 28. Qxf7+ Rxf7 29. dxe5 Nd3 0-1

[Event "Women's Speed Chess Q8"]
[Site "chess.com INT"]
[Date "2021.06.06"]
[Round "9"]
[White "Bodnaruk, Anastasia"]
[Black "Arabidze, Meri"]
[Result "1/2-1/2"]
[WhiteTitle "IM"]
[BlackTitle "IM"]
[WhiteElo "2446"]
[BlackElo "2432"]
[WhiteFideId "4181751"]
[BlackFideId "13604040"]
[EventDate "2021.06.06"]

1. e4 c5 2. b3 b6 3. d4 cxd4 4. Qxd4 Nc6 5. Qd2 Nf6 6. Bd3 e5 7. c4 Bb7 8. Nc3
Nd4 9. Nge2 Bc5 10. Bb2 O-O 11. O-O Nxe2+ 12. Qxe2 Bd4 13. Nd5 Bxb2 14. Qxb2
Bxd5 15. cxd5 a5 16. a4 d6 17. Qe2 Nd7 18. Bb5 Nc5 19. Qe3 Ra7 20. Rae1 f5 21.
exf5 Rxf5 22. f4 Raf7 23. fxe5 Rxe5 24. Qg3 Rfe7 25. Rxe5 Rxe5 26. h4 Qe7 27.
Qg4 g6 28. Rf3 Kg7 29. Qd4 Kg8 30. Qg4 Kg7 31. Qd4 Kg8 32. Qg4 1/2-1/2

[Event "Women's Speed Chess Q8"]
[Site "chess.com INT"]
[Date "2021.06.06"]
[Round "9"]
[White "Batsiashvili, Nino"]
[Black "Zaksaite, Salomeja"]
[Result "1-0"]
[WhiteTitle "GM"]
[BlackTitle "WIM"]
[WhiteElo "2491"]
[BlackElo "2202"]
[WhiteFideId "13602993"]
[BlackFideId "12801496"]
[EventDate "2021.06.06"]

1. c4 Nf6 2. d4 g6 3. Nc3 d5 4. cxd5 Nxd5 5. e4 Nxc3 6. bxc3 Bg7 7. Be3 c5 8.
Nf3 Qa5 9. Bd2 O-O 10. h3 cxd4 11. cxd4 Qd8 12. d5 Bxa1 13. Qxa1 f6 14. Bc4 Kh8
15. O-O Nd7 16. Bh6 Re8 17. Rd1 Nb6 18. Bb3 a5 19. Ng5 Rf8 20. Bxf8 Qxf8 21. d6
a4 22. dxe7 Qxe7 23. Bd5 Nxd5 24. exd5 Bd7 25. d6 Qg7 26. Ne4 f5 27. Qxg7+ Kxg7
28. Nc5 Rd8 29. Nxb7 Rc8 30. Re1 Kf6 31. Re7 1-0

[Event "Women's Speed Chess Q8"]
[Site "chess.com INT"]
[Date "2021.06.06"]
[Round "9"]
[White "Gunina, Valentina"]
[Black "Bivol, Alina"]
[Result "0-1"]
[WhiteTitle "GM"]
[BlackTitle "WGM"]
[WhiteElo "2436"]
[BlackElo "2374"]
[WhiteFideId "4167570"]
[BlackFideId "4100123"]
[EventDate "2021.06.06"]

1. d4 Nf6 2. c4 g6 3. Nc3 d5 4. cxd5 Nxd5 5. e4 Nxc3 6. bxc3 c5 7. Bc4 Bg7 8.
Ne2 Nc6 9. Be3 O-O 10. O-O b6 11. d5 Ne5 12. Bb3 Qc7 13. h3 Ba6 14. f4 c4 15.
Bc2 Nd3 16. Nd4 Rac8 17. h4 Bb7 18. h5 e6 19. hxg6 hxg6 20. dxe6 Bxe4 21. Qg4 f5
22. Qxg6 Rf6 23. Qg5 Nc5 24. Bd1 Nxe6 25. Nxe6 Rxe6 26. Bd4 Qe7 27. Qg3 Qf7 28.
Bh5 Qe7 29. Rae1 Rd8 30. Re3 Kf8 31. Rd1 Bxd4 32. cxd4 Qg7 33. Qe1 Qxg2# 0-1

[Event "Women's Speed Chess Q8"]
[Site "chess.com INT"]
[Date "2021.06.06"]
[Round "9"]
[White "Doluhanova, Evgeniya"]
[Black "Antolak, Julia"]
[Result "1-0"]
[WhiteTitle "WGM"]
[BlackTitle "WIM"]
[WhiteElo "2192"]
[BlackElo "2309"]
[WhiteFideId "14112035"]
[BlackFideId "1159569"]
[EventDate "2021.06.06"]

1. e4 c5 2. Nf3 e6 3. c4 Nc6 4. Nc3 g6 5. d4 cxd4 6. Nxd4 Bg7 7. Be3 Nge7 8. Qd2
O-O 9. Be2 d5 10. cxd5 exd5 11. exd5 Nxd5 12. Nxd5 Qxd5 13. Nxc6 bxc6 14. Qxd5
cxd5 15. O-O-O Be6 16. Bd4 Bh6+ 17. Kb1 Rfc8 18. Bd3 Rc7 19. Be5 Rb7 20. Bc2 a5
21. Bb3 Rd8 22. Bf6 Rd6 23. Rhe1 Bg7 24. Be5 Bxe5 25. Rxe5 Rdb6 26. Rd2 d4 27.
Bxe6 fxe6 28. Re4 Rc6 29. Rexd4 Rbc7 30. Rd1 Rc5 31. Rd8+ Kg7 32. R8d7+ Kf6 33.
Rxc7 Rxc7 34. Rc1 Rd7 35. Rc3 Rd2 36. Rf3+ Ke5 37. Kc1 Re2 38. Re3+ Rxe3 39.
fxe3 Ke4 40. Kd2 e5 41. b3 Kd5 42. Kd3 e4+ 43. Kc3 Kc5 44. a3 g5 45. g4 h6 46.
h3 Kb5 47. Kd4 a4 48. bxa4+ Kxa4 49. Kxe4 Kxa3 50. Kf5 Kb4 51. e4 Kc3 52. e5 Kd4
53. e6 Ke3 54. e7 Kf3 55. e8=Q Kg3 56. Qh5 1-0

[Event "Women's Speed Chess Q8"]
[Site "chess.com INT"]
[Date "2021.06.06"]
[Round "9"]
[White "Dauletova, Gulmira"]
[Black "Ambartsumova, Karina"]
[Result "0-1"]
[WhiteTitle "WGM"]
[BlackTitle "IM"]
[WhiteElo "2257"]
[BlackElo "2382"]
[WhiteFideId "13702971"]
[BlackFideId "4166299"]
[EventDate "2021.06.06"]

1. e4 c5 2. Nf3 e6 3. d4 cxd4 4. Nxd4 a6 5. c4 Nf6 6. Nc3 Bb4 7. Qd3 Nc6 8. Be2
Qc7 9. Nc2 Be7 10. O-O O-O 11. f4 d6 12. Be3 b6 13. a3 Bb7 14. b4 Rac8 15. Rac1
Rfd8 16. Ne1 Nb8 17. Qb1 Nbd7 18. Bd3 Qb8 19. Kh1 Qa8 20. Nf3 d5 21. cxd5 exd5
22. e5 Ne4 23. Bd4 Nf8 24. Na4 Rxc1 25. Rxc1 b5 26. Nc5 Rc8 27. Nb3 Ne6 28. Bg1
Nxf4 29. Rxc8+ Qxc8 30. Nfd4 Qg4 31. Bf1 Qh5 32. Qc2 Ng3# 0-1

[Event "Women's Speed Chess Q8"]
[Site "chess.com INT"]
[Date "2021.06.06"]
[Round "9"]
[White "Socko, Monika"]
[Black "Sviridova, Vlada"]
[Result "1-0"]
[WhiteTitle "GM"]
[BlackTitle "WFM"]
[WhiteElo "2393"]
[BlackElo "2144"]
[WhiteFideId "1106619"]
[BlackFideId "24109606"]
[EventDate "2021.06.06"]

1. d4 d5 2. c4 c6 3. cxd5 cxd5 4. Nc3 Nf6 5. Bf4 Nc6 6. e3 a6 7. Rc1 Bf5 8. Qb3
Na5 9. Qa4+ Nc6 10. Nf3 Bd7 11. Qc2 e6 12. a3 Rc8 13. Bd3 Be7 14. O-O O-O 15.
Qe2 h6 16. Bb1 Na5 17. Ne5 Be8 18. Qd3 Bc6 19. Ng4 Re8 20. Be5 Nc4 21. Bxf6 Bxf6
22. Qh7+ Kf8 23. Ne2 Nd2 24. Rfd1 Nxb1 25. Rxb1 Ba4 26. Rdc1 Ke7 27. Nf4 Rxc1+
28. Rxc1 Qd7 29. Nxf6 gxf6 30. Qxh6 Rc8 31. Rxc8 Qxc8 32. h4 Qc1+ 33. Kh2 Qxb2
34. Kg3 Qc2 35. h5 Qf5 36. Qg7 Bc2 37. Ng6+ Kd7 38. Qxf7+ Kd8 39. f4 Qe4 40.
Qxf6+ 1-0

[Event "Women's Speed Chess Q8"]
[Site "chess.com INT"]
[Date "2021.06.06"]
[Round "9"]
[White "Nemcova, Katerina"]
[Black "Nikolova, Adriana"]
[Result "1-0"]
[WhiteTitle "WGM"]
[BlackTitle "WGM"]
[WhiteElo "2331"]
[BlackElo "2243"]
[WhiteFideId "322750"]
[BlackFideId "2908689"]
[EventDate "2021.06.06"]

1. e4 c6 2. c4 d5 3. exd5 cxd5 4. cxd5 Nf6 5. Nc3 Nxd5 6. Nf3 Nf6 7. Bc4 e6 8.
O-O Nc6 9. d4 Be7 10. Bg5 O-O 11. Rc1 Nb4 12. Bb3 Nfd5 13. Bxe7 Nxe7 14. a3 Nbd5
15. Qd3 b6 16. Bc2 g6 17. Rfe1 Bb7 18. Ne4 Nf5 19. Nfg5 h6 20. Nf3 Nf6 21. Qd2
Nxe4 22. Bxe4 Bxe4 23. Rxe4 Rc8 24. Rce1 Qd5 25. Ne5 Rfd8 26. g4 Nh4 27. Qxh6
Nf5 28. gxf5 exf5 29. Rh4 1-0

[Event "Women's Speed Chess Q8"]
[Site "chess.com INT"]
[Date "2021.06.06"]
[Round "9"]
[White "Komiagina, Maria"]
[Black "Eswaran, Aksithi"]
[Result "1-0"]
[WhiteTitle "WIM"]
[BlackTitle "WCM"]
[WhiteElo "2241"]
[BlackElo "1745"]
[WhiteFideId "4153987"]
[BlackFideId "2083485"]
[EventDate "2021.06.06"]

1. e4 c5 2. Nf3 Nc6 3. Bb5 g6 4. Bxc6 bxc6 5. O-O Bg7 6. Re1 e5 7. c3 d6 8. h3
Be6 9. d4 cxd4 10. cxd4 exd4 11. Nxd4 Qd7 12. Nc3 Ne7 13. Bf4 Rd8 14. Nxe6 Qxe6
15. Qa4 O-O 16. Rad1 Nc8 17. Qxc6 Qf6 18. Bg3 Rfe8 19. Rd3 h5 20. Red1 h4 21.
Bh2 Re6 22. e5 Qf5 23. Rf3 Qg5 24. exd6 Bxc3 25. bxc3 Rde8 26. Bf4 Re1+ 27. Rxe1
Rxe1+ 28. Kh2 Qd8 29. d7 Ne7 30. Qc7 Qxc7 31. Bxc7 Nc6 32. Rf6 Rd1 33. Rxc6 Rxd7
34. Be5 Re7 35. Bd4 Kh7 36. Rc8 Kh6 37. Rh8+ Kg5 38. Rc8 Re2 39. Rc7 Rxa2 40.
Rxf7 a5 41. Be3+ Kh5 42. Rh7# 1-0

[Event "Women's Speed Chess Q8"]
[Site "chess.com INT"]
[Date "2021.06.06"]
[Round "9"]
[White "Vantika, Agrawal"]
[Black "Kashlinskaya, Alina"]
[Result "1-0"]
[WhiteTitle "WIM"]
[BlackTitle "IM"]
[WhiteElo "2286"]
[BlackElo "2494"]
[WhiteFideId "25050389"]
[BlackFideId "4198026"]
[EventDate "2021.06.06"]

1. d4 Nf6 2. Nf3 g6 3. g3 Bg7 4. Bg2 O-O 5. O-O d6 6. c4 Nbd7 7. Nc3 e5 8. e4
Re8 9. h3 a6 10. Be3 Rb8 11. dxe5 dxe5 12. Qc2 c6 13. c5 Qe7 14. b4 Nf8 15. Rfd1
N6d7 16. Na4 Ne6 17. Nb2 a5 18. a3 Ra8 19. Nc4 Nd4 20. Bxd4 exd4 21. Rab1 Qxe4
22. Qxe4 Rxe4 23. Nd6 Re2 24. Nxd4 Ra2 25. Nxc6 bxc6 26. Nxc8 Rxc8 27. Rxd7 Rxa3
28. b5 cxb5 29. Rxb5 Rc3 30. c6 a4 31. Bd5 Kh8 32. Rxf7 a3 33. Rbb7 Rg8 34. Rxg7 1-0

[Event "Women's Speed Chess Q8"]
[Site "chess.com INT"]
[Date "2021.06.06"]
[Round "9"]
[White "Linares Napoles, Oleiny"]
[Black "Von Herman, Brigitte"]
[Result "1-0"]
[WhiteTitle "WGM"]
[BlackTitle "WFM"]
[WhiteElo "2255"]
[BlackElo "1991"]
[WhiteFideId "3504794"]
[BlackFideId "4628730"]
[EventDate "2021.06.06"]

1. d4 d5 2. Bf4 Bg4 3. c4 Nc6 4. h3 Bh5 5. Nc3 e6 6. cxd5 exd5 7. Qa4 Bb4 8. e3
Nf6 9. Bb5 Bxc3+ 10. bxc3 Qd7 11. g4 Bg6 12. Nf3 O-O 13. Ne5 Qe7 14. Bxc6 bxc6
15. Qxc6 Rab8 16. O-O Rb6 17. Qa4 a6 18. c4 Qb4 19. Qxb4 Rxb4 20. Nxg6 hxg6 21.
cxd5 Nxd5 22. Be5 f6 23. Bg3 Re8 24. Rfc1 Re7 25. Rab1 a5 26. a3 Rxb1 27. Rxb1
f5 28. Be5 Re8 29. Rb5 Nf6 30. gxf5 gxf5 31. Rxa5 Ne4 32. Bxc7 Rc8 33. Ra7 g6
34. Kg2 Kf7 35. f3 Nd2 36. Be5+ Ke6 37. Ra6+ Kd5 38. Rxg6 Rc2 39. Rd6+ Kc4 40.
Rc6+ Kd3 41. Rxc2 Kxc2 42. a4 Nc4 43. h4 Nxe3+ 44. Kf2 Nc4 45. h5 1-0

[Event "Women's Speed Chess Q8"]
[Site "chess.com INT"]
[Date "2021.06.06"]
[Round "9"]
[White "Torres Hernandez, Leslie Carolin"]
[Black "Hng, Mei-En Emmanuelle"]
[Result "1-0"]
[WhiteTitle "WFM"]
[BlackTitle "WFM"]
[WhiteElo "1884"]
[BlackElo "2013"]
[WhiteFideId "8400504"]
[BlackFideId "5804566"]
[EventDate "2021.06.06"]

1. e4 d6 2. d4 Nf6 3. Bd3 g6 4. Nf3 Bg7 5. O-O O-O 6. c4 Na6 7. a3 c5 8. d5 e6
9. Nc3 exd5 10. cxd5 Nc7 11. Re1 Re8 12. Bf4 Nh5 13. Be3 a6 14. a4 Rb8 15. a5 b5
16. axb6 Rxb6 17. Na4 Rb4 18. Bd2 Rb8 19. Bc3 Nf6 20. e5 Nfxd5 21. exd6 Rxe1+
22. Qxe1 Qxd6 23. Bxg7 Kxg7 24. Rd1 Qf6 25. Nxc5 Rxb2 26. Be4 Nc3 27. Ra1 Ne6
28. Nxa6 Bxa6 29. Rxa6 Nxe4 30. Qxe4 Qc3 31. h3 Qc1+ 32. Kh2 Rxf2 33. Qe5+ Kh6
34. Ra4 Rxg2+ 35. Kxg2 Qc2+ 36. Kg3 Qxa4 37. Qe3+ Kg7 38. Qe5+ Kg8 39. Qb8+ Nf8
40. Ne5 Qa3+ 41. Kg2 Qa2+ 42. Kg3 Qa3+ 43. Kg2 Qe7 44. Ng4 Qe4+ 45. Kg1 Kg7 46.
Qb2+ Kg8 47. Nf6+ 1-0

[Event "Women's Speed Chess Q8"]
[Site "chess.com INT"]
[Date "2021.06.06"]
[Round "9"]
[White "February, Jesse Nikki"]
[Black "Kanyamarala, Trisha"]
[Result "0-1"]
[WhiteTitle "WIM"]
[BlackTitle "WIM"]
[WhiteElo "1863"]
[BlackElo "2180"]
[WhiteFideId "14312336"]
[BlackFideId "45004722"]
[EventDate "2021.06.06"]

1. e4 c5 2. Nf3 d6 3. d4 cxd4 4. Nxd4 Nf6 5. Nc3 a6 6. Be2 e5 7. Nb3 Nc6 8. Be3
Be6 9. O-O Be7 10. a4 O-O 11. Qd2 Rc8 12. Rad1 Nb4 13. f3 d5 14. exd5 Nbxd5 15.
Nxd5 Nxd5 16. Bf2 Bg5 17. Qe1 Qe7 18. Bd3 Nb4 19. Qe2 Nxd3 20. Qxd3 Bc4 21. Qf5
Bxf1 22. Bc5 Rxc5 23. Nxc5 Qxc5+ 24. Kxf1 Bf6 25. c3 Qc4+ 26. Kg1 Qb3 27. Re1
Qxb2 28. g4 h6 29. Rb1 Qxc3 30. Rxb7 Qe3+ 31. Kg2 Qe2+ 32. Kh3 Rd8 33. Kg3 Qe1+
34. Kh3 Qf1+ 35. Kg3 Qd3 36. Qxd3 Rxd3 37. Rb6 e4 38. Rxa6 Rxf3+ 39. Kg2 Ra3 40.
Ra8+ Kh7 41. a5 Kg6 42. a6 Bd4 43. Rd8 Be3 44. Rd6+ f6 45. h3 Bf4 46. Kf1 Bxd6
47. Ke2 Rxa6 0-1

[Event "Women's Speed Chess Q8"]
[Site "chess.com INT"]
[Date "2021.06.06"]
[Round "9"]
[White "Pourkashiyan, Atousa"]
[Black "Tokhirjonova, Gulrukhbegim"]
[Result "0-1"]
[WhiteTitle "WGM"]
[BlackTitle "WGM"]
[WhiteElo "2322"]
[BlackElo "2344"]
[WhiteFideId "12502014"]
[BlackFideId "14203626"]
[EventDate "2021.06.06"]

1. e4 e5 2. Nf3 Nc6 3. Bb5 a6 4. Ba4 Nf6 5. O-O Be7 6. Re1 b5 7. Bb3 d6 8. c3
O-O 9. h3 Bb7 10. d3 h6 11. Nbd2 Re8 12. Nf1 Bf8 13. Ng3 g6 14. d4 Na5 15. Bc2
c5 16. d5 Nc4 17. b3 Nb6 18. Be3 a5 19. Qd2 Kh7 20. Nh2 a4 21. f4 exf4 22. Bxf4
axb3 23. axb3 Rxa1 24. Rxa1 Nbd7 25. Nf3 Qb6 26. Kh1 Bg7 27. Rf1 Ra8 28. Bb1 b4
29. c4 Ra3 30. e5 dxe5 31. Nxe5 Nxe5 32. Bxe5 Rxb3 33. Qf4 Ba6 34. d6 Qd8 35.
Bc2 Rxg3 36. Qxg3 Bxc4 37. Rf2 Nh5 38. Qe3 f6 39. Bb2 Bf7 40. Qd2 Qd7 41. Rf1
Ng3+ 42. Kg1 Nxf1 43. Kxf1 f5 44. Bxg7 Kxg7 45. Bb1 Be6 46. Bc2 Qc6 47. g3 Kf7
48. Kg1 Qd5 49. Qxh6 Qxd6 50. Qh7+ Kf6 51. Qh8+ Ke7 52. Qg7+ Bf7 53. Qh8 Qd4+
54. Kf1 Qxh8 0-1

[Event "Women's Speed Chess Q8"]
[Site "chess.com INT"]
[Date "2021.06.06"]
[Round "9"]
[White "Klinova, Masha"]
[Black "Szente Varga, Fruzsina"]
[Result "1-0"]
[WhiteTitle "IM"]
[BlackTitle "WFM"]
[WhiteElo "2275"]
[BlackElo "2100"]
[WhiteFideId "2802015"]
[BlackFideId "712264"]
[EventDate "2021.06.06"]

1. e4 e5 2. Nf3 Nc6 3. Bc4 Bc5 4. c3 Nf6 5. d3 O-O 6. O-O d5 7. exd5 Nxd5 8. Re1
Bg4 9. h3 Bxf3 10. Qxf3 Nb6 11. Bb5 Qd6 12. Nd2 f5 13. b4 Bxb4 14. cxb4 Nxb4 15.
Nc4 Nxc4 16. Bxc4+ Kh8 17. Bb2 Nc2 18. Bxe5 Qg6 19. Qxb7 Nxa1 20. Rxa1 c6 21. f4
a5 22. Rb1 Rae8 23. Rb6 Qg3 24. Rb1 Rxe5 25. fxe5 Qxe5 26. Qxc6 f4 27. Qf3 Qd4+
28. Kh1 h6 29. Qe4 Qf2 30. Qf3 Qd4 31. Rf1 Rf6 32. Qe4 Qb2 33. Bd5 Rf8 34. Qg6
Qe2 35. Rg1 Rf6 36. Qe4 Qxe4 37. Bxe4 Rb6 38. Rc1 g5 39. a4 Rb4 40. Rc4 Rb1+ 41.
Kh2 Kg7 42. Rc5 Kf6 43. Rxa5 h5 44. Ra6+ Ke5 45. Rg6 g4 46. hxg4 hxg4 47. Rxg4
Ra1 48. Rg5+ Kd4 49. a5 Ke3 50. Rf5 Ra4 51. Rd5 Ra2 52. Bf3 Ra4 53. Kh3 Ra1 54.
Kg4 Rh1 55. a6 Rh7 56. Ra5 Rg7+ 57. Kf5 Rf7+ 58. Ke6 Ra7 59. Bb7 Kxd3 60. Kf5
Ke3 61. Ra2 Kd4 62. Kxf4 Kc5 63. Ke5 Kb6 64. Kd6 Kb5 65. Rb2+ Ka5 66. Kc7 Ka4
67. Kb8 Rxb7+ 68. axb7 Ka3 69. Rf2 1-0

[Event "Women's Speed Chess Q8"]
[Site "chess.com INT"]
[Date "2021.06.06"]
[Round "9"]
[White "Morris-Suzuki, Sophie"]
[Black "Purtseladze, Maka"]
[Result "1-0"]
[WhiteTitle "WFM"]
[BlackTitle "IM"]
[WhiteElo "2043"]
[BlackElo "2274"]
[WhiteFideId "30922615"]
[BlackFideId "13602659"]
[EventDate "2021.06.06"]

1. e4 e6 2. d4 d5 3. Nd2 Nf6 4. e5 Nfd7 5. f4 c5 6. Ngf3 Nc6 7. Nb3 c4 8. Nbd2
b5 9. g3 a5 10. Bh3 g6 11. O-O h5 12. c3 b4 13. Ng5 Nb6 14. Ndf3 Bh6 15. Qc2 Ne7
16. Nh4 Nf5 17. Nxf5 gxf5 18. Qe2 Bf8 19. Bg2 a4 20. a3 bxc3 21. bxc3 Rb8 22. h4
Na8 23. Bf3 Rb3 24. Bd2 Bxa3 25. Bxh5 Rf8 26. Nh7 Rh8 27. Ng5 Rf8 28. Rfb1 Qe7
29. Qd1 Bd7 30. Qc2 Nb6 31. g4 fxg4 32. Qh7 Bb2 33. Nxf7 Rxf7 34. Qg8+ Qf8 35.
Bxf7+ Ke7 36. Qxf8+ Kxf8 37. Ra2 a3 38. Bh5 Na4 39. f5 Nxc3 40. Bh6+ Ke7 41. f6+
Kd8 42. f7 Nxb1 43. f8=Q+ Kc7 44. Qd6+ Kc8 45. Bf7 Nc3 46. Rxa3 Bxa3 47. Qa6+
Kc7 48. Bxe6 Ne2+ 49. Kf2 1-0

[Event "Women's Speed Chess Q8"]
[Site "chess.com INT"]
[Date "2021.06.06"]
[Round "9"]
[White "Tsatsalashvili, Keti"]
[Black "Dong, Khanh Linh"]
[Result "0-1"]
[WhiteTitle "WGM"]
[BlackTitle "WCM"]
[WhiteElo "2331"]
[BlackElo "1970"]
[WhiteFideId "13603434"]
[BlackFideId "12403040"]
[EventDate "2021.06.06"]

1. Nf3 Nf6 2. d4 e6 3. c4 c5 4. d5 d6 5. Nc3 Be7 6. g3 O-O 7. Bg2 a6 8. a4 e5 9.
e4 Bg4 10. O-O Qc8 11. a5 h6 12. Na4 Nbd7 13. Qc2 Rb8 14. Nd2 b5 15. axb6 Nxb6
16. Nxb6 Rxb6 17. Nb3 Bh3 18. Na5 Nh7 19. Nc6 Re8 20. f3 Bg5 21. f4 exf4 22.
gxf4 Bf6 23. Re1 Qg4 24. Kh1 Bh4 25. Rf1 Bxg2+ 26. Qxg2 Qxg2+ 27. Kxg2 Rxe4 28.
Kf3 Rxc4 29. Be3 Nf6 30. Rfc1 Rxc1 31. Rxc1 Nxd5 32. Na5 Rxb2 33. Nc4 Rb3 34.
Ke4 Nxe3 35. Nxe3 Bf2 36. Nf5 Rb4+ 37. Kf3 Bd4 38. Nxd6 a5 39. Re1 Rb3+ 40. Kg2
Rb2+ 41. Kf3 Rb3+ 42. Kg2 a4 43. Re8+ Kh7 44. Nxf7 a3 45. f5 g6 46. fxg6+ Kxg6
47. Ne5+ Kf5 0-1